[Event "CAN-ch"]
[Site "Montreal CAN"]
[Date "1981.??.??"]
[Round "?"]
[White "Hebert, Jean"]
[Black "Harper, Bruce"]
[Result "1-0"]
[WhiteElo "2405"]
[BlackElo "2340"]
[PlyCount "97"]
[GameId "2160767912845345"]
[EventDate "1981.05.16"]
[EventType "tourn"]
[EventRounds "15"]
[EventCountry "CAN"]
[SourceTitle "MCL 03"]

1. e4 g6 2. d4 d6 3. Nc3 a6 4. Be3 b5 5. Qd2 Bb7 6. f3 Nd7 7. a4 b4 8. Nd1 a5 9. c3 bxc3 10. Nxc3 Bg7 11. Nge2 Ngf6 12. h4 h5 13. Nf4 e5 14. dxe5 Nxe5 15. Rc1 O-O 16. Be2 Ba6 17. Nb5 Ne8 18. Kf2 c6 19. Nd4 Bxe2 20. Qxe2 Qd7 21. Rhd1 Bf6 22. g3 Ng7 23. Kg2 Qb7 24. Rc2 Rfc8 25. Rdc1 Be7 26. Rc3 f5 27. Qc2 c5 28. Nb5 Rf8 29. Rd1 Rad8 30. Nd5 Ne6 31. Bh6 Rf7 32. Qe2 Bf8 33. Bxf8 Nxf8 34. b3 Kh7 35. exf5 Rxf5 36. Qe4 Qg7 37. Re3 Kh8 38. g4 hxg4 39. fxg4 Rf7 40. g5 Rf5 41. Rf1 Rxf1 42. Kxf1 Nfd7 43. Kg1 Qf8 44. Nf4 Qg8 45. Nxd6 Rb8 46. Qd5 Rb4 47. Rxe5 Rxf4 48. Re8 Rf8 49. Rxf8 1-0

[Event "CAN-ch"]
[Site "Montreal CAN"]
[Date "1981.??.??"]
[Round "?"]
[White "Hebert, Jean"]
[Black "Jauregui, Carlos"]
[Result "1-0"]
[WhiteElo "2405"]
[BlackElo "2305"]
[PlyCount "79"]
[GameId "2160767912845348"]
[EventDate "1981.05.16"]
[EventType "tourn"]
[EventRounds "15"]
[EventCountry "CAN"]
[SourceTitle "MCL"]
[Source "ChessBase"]
[SourceDate "1999.07.01"]
[SourceVersion "1"]
[SourceVersionDate "1999.07.01"]
[SourceQuality "1"]

1. g3 d5 2. Bg2 Nf6 3. d3 c6 4. Nd2 e5 5. e4 Bg4 6. Ngf3 Nbd7 7. h3 Bh5 8. O-O Bb4 9. Qe1 dxe4 10. dxe4 a5 11. Nh4 O-O 12. a3 Bc5 13. Nc4 a4 14. Nf5 b5 15. Nce3 Qb6 16. g4 Bg6 17. Qe2 Rfe8 18. h4 h6 19. Qf3 b4 20. axb4 Bxb4 21. Rd1 Red8 22. Nc4 Qc5 23. Bf1 h5 24. g5 Ng4 25. c3 Ba5 26. Rxa4 Qb5 27. Rxa5 Rxa5 28. Nxa5 Qxa5 29. Ne7+ Kh8 30. Nxc6 Qa4 31. Nxd8 Bxe4 32. Qe2 Nc5 33. b4 Bc2 34. Nxf7+ Kh7 35. Nxe5 Bxd1 36. g6+ Kh8 37. Nf7+ Kg8 38. Qe7 Qd7 39. Nh6+ Nxh6 40. Bc4+ 1-0

[Event "CAN-ch"]
[Site "Montreal CAN"]
[Date "1981.??.??"]
[Round "?"]
[White "Hebert, Jean"]
[Black "Nurmi, Peter"]
[Result "1-0"]
[WhiteElo "2405"]
[BlackElo "2320"]
[PlyCount "91"]
[GameId "2160767912845349"]
[EventDate "1981.05.16"]
[EventType "tourn"]
[EventRounds "15"]
[EventCountry "CAN"]
[SourceTitle "MCL"]
[Source "ChessBase"]
[SourceDate "1999.07.01"]
[SourceVersion "1"]
[SourceVersionDate "1999.07.01"]
[SourceQuality "1"]

1. Nf3 g6 2. e4 Bg7 3. d4 d6 4. Bc4 e6 5. Bb3 Ne7 6. c3 b6 7. Bf4 Ba6 8. Nbd2 Nd7 9. Nf1 h6 10. Ng3 e5 11. Be3 exd4 12. Bxd4 Ne5 13. Bxe5 dxe5 14. h4 O-O 15. h5 g5 16. Qd2 Qxd2+ 17. Nxd2 Rfd8 18. O-O-O Rd7 19. Nc4 Rad8 20. Rxd7 Rxd7 21. Ne3 Kf8 22. Bc4 Bb7 23. Kc2 Rd8 24. b3 Ke8 25. a4 Nc8 26. f3 Nd6 27. Rd1 Bc8 28. Bb5+ Nxb5 29. Rxd8+ Kxd8 30. axb5 Bd7 31. c4 Bf8 32. Kc3 Bc5 33. Nd5 Bd4+ 34. Kd3 Bc5 35. Nf5 Bf8 36. Nf6 Bxf5 37. exf5 Ke7 38. Ng4 Kd6 39. Ke4 Bg7 40. f6 Bf8 41. Kf5 Kc5 42. Nxe5 Kb4 43. Nxf7 Kxb3 44. Ne5 Kc3 45. Ke6 Kd4 46. Ng6 1-0

[Event "CAN-ch"]
[Site "Montreal CAN"]
[Date "1981.??.??"]
[Round "?"]
[White "Hebert, Jean"]
[Black "Vranesic, Zvonko"]
[Result "1/2-1/2"]
[WhiteElo "2405"]
[BlackElo "2390"]
[PlyCount "52"]
[GameId "2160767912845350"]
[EventDate "1981.05.16"]
[EventType "tourn"]
[EventRounds "15"]
[EventCountry "CAN"]
[SourceTitle "MCL"]
[Source "ChessBase"]
[SourceDate "1999.07.01"]
[SourceVersion "1"]
[SourceVersionDate "1999.07.01"]
[SourceQuality "1"]

1. e4 c6 2. d4 d5 3. Nc3 dxe4 4. Nxe4 Bf5 5. Ng3 Bg6 6. N1e2 Nf6 7. h4 h6 8. Nf4 Bh7 9. Bc4 e6 10. Qe2 Bd6 11. c3 O-O 12. Nd3 Nbd7 13. Ne5 Qc7 14. Nxd7 Qxd7 15. Rh3 e5 16. dxe5 Bxe5 17. Be3 Rfe8 18. Rd1 Qc7 19. Bd3 Bxd3 20. Rxd3 Qa5 21. a3 Bf4 22. Nf1 Rad8 23. Rf3 Rxd3 24. Qxd3 Qd5 25. Qxd5 Nxd5 26. Kd2 Rd8 1/2-1/2

[Event "CAN-ch"]
[Site "Montreal CAN"]
[Date "1981.??.??"]
[Round "?"]
[White "Murray, Peter"]
[Black "Hebert, Jean"]
[Result "1/2-1/2"]
[WhiteElo "2330"]
[BlackElo "2405"]
[PlyCount "64"]
[GameId "2160767912845369"]
[EventDate "1981.05.16"]
[EventType "tourn"]
[EventRounds "15"]
[EventCountry "CAN"]
[SourceTitle "MCL"]
[Source "ChessBase"]
[SourceDate "1999.07.01"]
[SourceVersion "1"]
[SourceVersionDate "1999.07.01"]
[SourceQuality "1"]

1. Nf3 Nf6 2. c4 e6 3. d4 c5 4. g3 cxd4 5. Nxd4 Bb4+ 6. Bd2 Be7 7. Nc3 Nc6 8. Bf4 d6 9. Ndb5 e5 10. Bg5 a6 11. Bxf6 gxf6 12. Na3 f5 13. Bg2 Be6 14. Nd5 Rb8 15. Rc1 Bg5 16. Rc3 h5 17. h4 Bh6 18. Nc2 Bg7 19. e4 fxe4 20. Bxe4 Bg4 21. Qd3 O-O 22. Nde3 Nd4 23. Nxg4 hxg4 24. O-O f5 25. Bd5+ Kh8 26. Nxd4 exd4 27. Rc2 Qd7 28. Re2 Rbe8 29. Rfe1 Re5 30. f4 Rxe2 31. Qxe2 b5 32. cxb5 axb5 1/2-1/2

[Event "CAN-ch"]
[Site "Montreal CAN"]
[Date "1981.??.??"]
[Round "?"]
[White "Piasetski, Leon"]
[Black "Hebert, Jean"]
[Result "0-1"]
[WhiteElo "2420"]
[BlackElo "2405"]
[PlyCount "68"]
[GameId "2160767912845390"]
[EventDate "1981.05.16"]
[EventType "tourn"]
[EventRounds "15"]
[EventCountry "CAN"]
[SourceTitle "MCL"]
[Source "ChessBase"]
[SourceDate "1999.07.01"]
[SourceVersion "1"]
[SourceVersionDate "1999.07.01"]
[SourceQuality "1"]

1. c4 e5 2. Nc3 Bb4 3. Nd5 Bc5 4. Nf3 c6 5. Nc3 Qe7 6. e3 e4 7. d4 Bb4 8. Nd2 Bxc3 9. bxc3 d6 10. f3 Nf6 11. fxe4 Nxe4 12. Qf3 Nxc3 13. e4 Na4 14. Qb3 Nb6 15. c5 dxc5 16. Ba3 N6d7 17. Be2 O-O 18. O-O b5 19. Rac1 a5 20. Rxc5 Nxc5 21. Bxc5 Qd8 22. e5 Be6 23. Qg3 Na6 24. Bd6 f5 25. Ne4 Qb6 26. Nc5 Nxc5 27. dxc5 Qa7 28. Bf3 Rfc8 29. a3 b4 30. axb4 axb4 31. Qh4 b3 32. Qb4 Qa4 33. Qb7 Qd4+ 34. Kh1 Ra1 0-1

[Event "CAN-ch"]
[Site "Montreal CAN"]
[Date "1981.??.??"]
[Round "?"]
[White "Spraggett, Kevin"]
[Black "Hebert, Jean"]
[Result "1-0"]
[WhiteElo "2450"]
[BlackElo "2405"]
[PlyCount "91"]
[GameId "2160767912845397"]
[EventDate "1981.05.16"]
[EventType "tourn"]
[EventRounds "15"]
[EventCountry "CAN"]
[SourceTitle "MCL"]
[Source "ChessBase"]
[SourceDate "1999.07.01"]
[SourceVersion "1"]
[SourceVersionDate "1999.07.01"]
[SourceQuality "1"]

1. d4 Nf6 2. c4 g6 3. Nc3 Bg7 4. e4 O-O 5. Nf3 d6 6. Be2 Bg4 7. Be3 e5 8. d5 c5 9. h3 Bc8 10. g4 Ne8 11. g5 Nd7 12. h4 f5 13. h5 f4 14. Bd2 Rf7 15. a3 a6 16. Qb3 Rb8 17. O-O-O b5 18. Nh4 bxc4 19. Qa2 Nf8 20. h6 Bxh6 21. gxh6 Rfb7 22. Bxc4 Rxb2 23. Qxb2 Rxb2 24. Kxb2 Nd7 25. Rdg1 Ndf6 26. Nf3 Nc7 27. a4 Bg4 28. Nh2 Qb8+ 29. Kc2 Bd7 30. Ra1 Qf8 31. f3 Qxh6 32. Ng4 Qf8 33. Nxf6+ Qxf6 34. Rh6 Qg5 35. Rah1 Ne8 36. Rxh7 Nf6 37. Rh8+ Kg7 38. R8h2 Qg3 39. Be2 Nh5 40. Be1 Qg5 41. Bh4 Qh6 42. Bxa6 Qh8 43. Rb1 Qa8 44. Rb7 Qxa6 45. Rxd7+ Kg8 46. Rh1 1-0

[Event "CAN-ch"]
[Site "Montreal CAN"]
[Date "1981.??.??"]
[Round "?"]
[White "Taylor, Gordon"]
[Black "Hebert, Jean"]
[Result "1/2-1/2"]
[WhiteElo "2250"]
[BlackElo "2405"]
[PlyCount "75"]
[GameId "2160767912845404"]
[EventDate "1981.05.16"]
[EventType "tourn"]
[EventRounds "15"]
[EventCountry "CAN"]
[SourceTitle "MCL 03"]

1. Nf3 Nf6 2. c4 g6 3. Nc3 Bg7 4. e4 d6 5. d4 O-O 6. Be2 Bg4 7. Ng1 Bxe2 8. Ngxe2 c5 9. d5 b5 10. cxb5 a6 11. bxa6 Nxa6 12. O-O Qb6 13. Rb1 Rfb8 14. Bg5 Rb7 15. h3 Qb4 16. Qd3 Qa5 17. Qd2 Rab8 18. f4 Qb4 19. Qd3 c4 20. Qd2 Nxe4 21. Nxe4 Qxd2 22. Nxd2 Rxb2 23. Rxb2 Rxb2 24. Rd1 c3 25. Nxc3 Bxc3 26. Ne4 f6 27. Nxc3 fxg5 28. fxg5 Rc2 29. Rd3 Nb4 30. Re3 Nxa2 31. Nxa2 Rxa2 32. Rxe7 Rd2 33. Rd7 Rxd5 34. h4 Rd4 35. g3 Rd2 36. Kf1 Kh8 37. Kg1 Kg8 38. Kf1 1/2-1/2

[Event "Quebec-ch"]
[Site "Montreal CAN"]
[Date "1981.??.??"]
[Round "?"]
[White "Hebert, Jean"]
[Black "Barbeau, Sylvain"]
[Result "1-0"]
[WhiteElo "2405"]
[BlackElo "2245"]
[PlyCount "71"]
[GameId "2160767912845813"]
[EventDate "1981.??.??"]
[EventType "tourn"]
[EventRounds "7"]
[EventCountry "CAN"]
[SourceTitle "EXT 1998"]
[Source "ChessBase"]
[SourceDate "1997.11.17"]
[SourceVersion "1"]
[SourceVersionDate "1997.11.17"]
[SourceQuality "1"]

1. c4 Nf6 2. Nc3 d5 3. cxd5 Nxd5 4. g3 g6 5. Bg2 Nxc3 6. bxc3 Bg7 7. Rb1 Nd7 8. h4 h6 9. c4 c6 10. Bb2 e5 11. Ba3 Qc7 12. Nf3 c5 13. Nh2 O-O 14. Nf1 f5 15. Ne3 e4 16. Nd5 Qd6 17. d3 exd3 18. Qxd3 Rb8 19. O-O Ne5 20. Qc2 Bd7 21. Rfd1 Bc6 22. Nf4 Qe7 23. Bd5+ Bxd5 24. cxd5 b6 25. Ne6 Rfe8 26. Bb2 Bh8 27. Qc1 Kh7 28. Qf4 Qd6 29. h5 Nf7 30. hxg6+ Kxg6 31. Bxh8 Rxh8 32. Qa4 Rb7 33. e4 Ng5 34. exf5+ Kxf5 35. Qc2+ Kg4 36. Rb4+ 1-0

[Event "Quebec-ch"]
[Site "Montreal CAN"]
[Date "1981.??.??"]
[Round "?"]
[White "Hebert, Jean"]
[Black "Witt, Laszlo"]
[Result "1-0"]
[WhiteElo "2405"]
[BlackElo "2340"]
[PlyCount "101"]
[GameId "2160767912845815"]
[EventDate "1981.??.??"]
[EventType "tourn"]
[EventRounds "7"]
[EventCountry "CAN"]
[SourceTitle "EXT 1998"]
[Source "ChessBase"]
[SourceDate "1997.11.17"]
[SourceVersion "1"]
[SourceVersionDate "1997.11.17"]
[SourceQuality "1"]

1. e4 e5 2. Nf3 Nc6 3. d4 exd4 4. Nxd4 Nf6 5. Nxc6 bxc6 6. e5 Nd5 7. Bd3 d6 8. Qe2 Qe7 9. f4 dxe5 10. fxe5 Qh4+ 11. g3 Qg4 12. Nd2 Qxe2+ 13. Kxe2 Bg4+ 14. Nf3 Bc5 15. h3 Bxf3+ 16. Kxf3 O-O 17. Re1 Rab8 18. c3 Rfe8 19. Re2 g6 20. Bh6 Bf8 21. Bf4 Bg7 22. Rd1 Re7 23. Be4 Rbe8 24. Bxd5 cxd5 25. Rxd5 f6 26. Re4 fxe5 27. Be3 a6 28. Rb4 e4+ 29. Ke2 Rf7 30. Rb7 Be5 31. g4 Rf3 32. Rb4 Bf4 33. Bxf4 Rxf4 34. Rd7 g5 35. Rxc7 e3 36. Rbb7 Rf2+ 37. Ke1 e2 38. Re7 Rxe7 39. Rxe7 Rh2 40. Rxe2 Rxh3 41. Kf2 Rd3 42. Re8+ Kf7 43. Rb8 Rh3 44. Kg2 Rh6 45. Rb7+ Ke8 46. a4 Re6 47. Kf3 h6 48. a5 Re5 49. b4 Re1 50. c4 Rc1 51. b5 1-0

[Event "Quebec-ch"]
[Site "Montreal CAN"]
[Date "1981.??.??"]
[Round "?"]
[White "Spraggett, Kevin"]
[Black "Hebert, Jean"]
[Result "1-0"]
[WhiteElo "2450"]
[BlackElo "2405"]
[PlyCount "135"]
[GameId "2160767912845825"]
[EventDate "1981.??.??"]
[EventType "tourn"]
[EventRounds "7"]
[EventCountry "CAN"]
[SourceTitle "EXT 1998"]
[Source "ChessBase"]
[SourceDate "1997.11.17"]
[SourceVersion "1"]
[SourceVersionDate "1997.11.17"]
[SourceQuality "1"]

1. d4 Nf6 2. c4 e6 3. Nf3 c5 4. e3 d5 5. Nc3 Nc6 6. cxd5 exd5 7. Be2 cxd4 8. Nxd4 Bd6 9. O-O O-O 10. Nf3 Be6 11. b3 h6 12. Bb2 Rc8 13. Nb5 Bb8 14. Rc1 Re8 15. Nbd4 Bg4 16. h3 Bd7 17. Re1 Qe7 18. Nxc6 bxc6 19. Ba6 Rcd8 20. Qd4 Qd6 21. Qc5 Ne4 22. Qxd6 Bxd6 23. Red1 Rb8 24. Bd3 a5 25. Nd4 Rb6 26. Ne2 Nc5 27. Bb1 Ne6 28. Nc3 Rb7 29. Na4 Bf8 30. Bc3 Ba3 31. Bb2 Bf8 32. Bf5 Nd8 33. Bxd7 Rxd7 34. Bd4 Re6 35. Bc5 Nb7 36. Bxf8 Kxf8 37. Rd4 Ke7 38. Nc5 Nxc5 39. Rxc5 Kd6 40. Rxa5 c5 41. Rd2 Rc7 42. Kf1 g5 43. Ke2 Ke5 44. Rc2 Rec6 45. Kd2 f5 46. Ra8 Rb7 47. Re8+ Kd6 48. Rd8+ Ke6 49. Ra8 Rb4 50. Kc3 Re4 51. Rd2 d4+ 52. exd4 cxd4+ 53. Kb2 Rd6 54. a4 f4 55. a5 Kd5 56. Rc8 Ree6 57. Rc4 Ke4 58. Kc2 f3 59. gxf3+ Kxf3 60. Rcxd4 Rxd4 61. Rxd4 Kxf2 62. b4 h5 63. b5 Re5 64. Rb4 g4 65. hxg4 h4 66. a6 h3 67. a7 Rc5+ 68. Kb1 1-0

[Event "Quebec-ch"]
[Site "Montreal CAN"]
[Date "1981.??.??"]
[Round "?"]
[White "Zurowski, Henry"]
[Black "Hebert, Jean"]
[Result "0-1"]
[WhiteElo "2215"]
[BlackElo "2405"]
[PlyCount "134"]
[GameId "2160767912845834"]
[EventDate "1981.??.??"]
[EventType "tourn"]
[EventRounds "7"]
[EventCountry "CAN"]
[SourceTitle "EXT 1998"]
[Source "ChessBase"]
[SourceDate "1997.11.17"]
[SourceVersion "1"]
[SourceVersionDate "1997.11.17"]
[SourceQuality "1"]

1. c4 e5 2. Nc3 d6 3. g3 f5 4. Bg2 Nf6 5. e3 c6 6. d4 e4 7. f3 d5 8. cxd5 cxd5 9. fxe4 fxe4 10. Nh3 Nc6 11. Nf4 Bb4 12. O-O Bxc3 13. bxc3 O-O 14. c4 dxc4 15. Qa4 Kh8 16. Ba3 Re8 17. Qxc4 Na5 18. Qb5 Bd7 19. Qb4 b5 20. Qe1 Nc4 21. Qc1 g5 22. Nh3 Nd5 23. Re1 h6 24. Bc5 Bf5 25. Nf2 a6 26. Bf1 Ncb6 27. Bxb6 Qxb6 28. Qc5 Qxc5 29. dxc5 Rac8 30. Rac1 Rc6 31. Bg2 Re5 32. Rc2 Kg7 33. Kf1 Nb6 34. Rd1 Nc4 35. Ke2 Rcxc5 36. Rd4 Na3 37. Rxc5 Rxc5 38. Bxe4 Bxe4 39. Nxe4 Rc2+ 40. Rd2 Rc1 41. Rd7+ Kg6 42. Rd6+ Kf5 43. Nf2 Rc2+ 44. Kf3 Nc4 45. g4+ Ke5 46. Rxa6 Nd2+ 47. Kg3 Nf1+ 48. Kf3 Nxh2+ 49. Kg3 Nf1+ 50. Kf3 Nd2+ 51. Kg3 Rc3 52. Rxh6 Rxe3+ 53. Kg2 Re2 54. Kg3 Nf1+ 55. Kg2 Ne3+ 56. Kf3 Rxf2+ 57. Kxe3 Rxa2 58. Rb6 Rb2 59. Kd3 Kf4 60. Kc3 Rb1 61. Kc2 Rb4 62. Kc3 Rc4+ 63. Kd3 Rc5 64. Kd4 Rc1 65. Rxb5 Rd1+ 66. Kc3 Kxg4 67. Kc2 Rd8 0-1

[Event "Montreal-Tch"]
[Site "Montreal CAN"]
[Date "1980.??.??"]
[Round "1"]
[White "Hebert, Jean"]
[Black "Spraggett, Kevin"]
[Result "0-1"]
[WhiteElo "2360"]
[BlackElo "2445"]
[PlyCount "74"]
[GameId "2160767912912075"]
[EventDate "1980.02.25"]
[EventRounds "7"]
[EventCountry "CAN"]
[SourceTitle "EXT 2002"]
[Source "ChessBase"]
[SourceDate "2001.11.25"]
[SourceVersion "1"]
[SourceVersionDate "2001.11.25"]
[SourceQuality "1"]

1. c4 e6 2. Nf3 d5 3. d4 c5 4. e3 Nc6 5. Nc3 Nf6 6. a3 cxd4 7. exd4 Be7 8. c5 Ne4 9. Qc2 Nxc3 10. Qxc3 a5 11. Bb5 O-O 12. O-O Bd7 13. Re1 a4 14. Qc2 b6 15. Bxc6 Bxc6 16. Ne5 Bb5 17. Bd2 bxc5 18. dxc5 f6 19. Nf3 e5 20. Bb4 Rf7 21. Nd2 Bc6 22. f3 Qc8 23. Rac1 Bf8 24. b3 Rfa7 25. bxa4 Rxa4 26. Nb3 g6 27. Qd2 Qa6 28. Rc3 Qb5 29. Rcc1 Rxa3 30. Bxa3 Rxa3 31. Na1 Bxc5+ 32. Kh1 Bb4 33. Qd1 Bxe1 34. Qxe1 d4 35. Rb1 Qd5 36. h4 Rxf3 37. Qe2 Rg3 0-1

[Event "Montreal inv"]
[Site "Montreal CAN"]
[Date "1980.01.12"]
[Round "1"]
[White "Allan, Denis"]
[Black "Hebert, Jean"]
[Result "0-1"]
[WhiteElo "2200"]
[BlackElo "2262"]
[PlyCount "70"]
[GameId "2160767912912273"]
[EventDate "1980.01.12"]
[EventType "tourn"]
[EventRounds "9"]
[EventCountry "CAN"]
[SourceTitle "EXT 97"]
[Source "ChessBase"]
[SourceDate "1997.11.17"]
[SourceVersion "1"]
[SourceVersionDate "1997.11.17"]
[SourceQuality "1"]

1. d4 Nf6 2. c4 c5 3. e3 g6 4. Nc3 Bg7 5. Nf3 O-O 6. Be2 cxd4 7. exd4 d5 8. O-O Nc6 9. Re1 dxc4 10. Bxc4 Bg4 11. d5 Na5 12. Bf1 Rc8 13. h3 Bf5 14. Ne5 a6 15. g4 Bd7 16. Bf4 b5 17. Qd4 h5 18. g5 Ne8 19. Qb4 Bxe5 20. Rxe5 Nd6 21. b3 Nab7 22. Ne4 f6 23. gxf6 exf6 24. Re6 Bxe6 25. dxe6 Nf5 26. Bg2 Na5 27. Nd6 Nxd6 28. Bxd6 Re8 29. e7 Qd7 30. Re1 Kg7 31. Bd5 Nb7 32. Bxb7 Qxb7 33. Qf4 Qd5 34. Kh2 Rc3 35. Rf1 Rf3 0-1

[Event "Montreal inv"]
[Site "Montreal CAN"]
[Date "1980.01.13"]
[Round "2"]
[White "Hebert, Jean"]
[Black "Coudari, Camille"]
[Result "0-1"]
[WhiteElo "2262"]
[BlackElo "2255"]
[PlyCount "78"]
[GameId "2160767912912279"]
[EventDate "1980.01.12"]
[EventType "tourn"]
[EventRounds "9"]
[EventCountry "CAN"]
[SourceTitle "EXT 97"]
[Source "ChessBase"]
[SourceDate "1997.11.17"]
[SourceVersion "1"]
[SourceVersionDate "1997.11.17"]
[SourceQuality "1"]

1. e4 c5 2. Nf3 e6 3. d4 cxd4 4. Nxd4 Nf6 5. Nc3 d6 6. Be3 a6 7. f4 Qc7 8. Be2 b5 9. a3 Bb7 10. Bf3 Nbd7 11. Qe2 Be7 12. g4 Nb6 13. g5 Nfd7 14. O-O Nc4 15. Nd1 g6 16. c3 Nc5 17. Bf2 e5 18. b3 Nb6 19. fxe5 dxe5 20. Bg3 O-O 21. b4 Nca4 22. h4 Nc4 23. Nc2 Rad8 24. Be1 f6 25. gxf6 Rxf6 26. Nce3 Nab6 27. Ra2 Rfd6 28. Ng4 Rxd1 29. Qg2 Rxe1 30. Rxe1 Bxh4 31. Rf1 Bg5 32. Qh3 Nd2 33. Rf2 Nbc4 34. Be2 Nxe4 35. Rf1 Ncd2 36. Rxd2 Nxd2 37. Rf2 Ne4 38. Rf3 Qb6+ 39. Kg2 Nd2 0-1

[Event "Montreal inv"]
[Site "Montreal CAN"]
[Date "1980.01.14"]
[Round "3"]
[White "Brodeur, Gilles"]
[Black "Hebert, Jean"]
[Result "1/2-1/2"]
[WhiteElo "2112"]
[BlackElo "2262"]
[PlyCount "76"]
[GameId "2160767912912284"]
[EventDate "1980.01.12"]
[EventType "tourn"]
[EventRounds "9"]
[EventCountry "CAN"]
[SourceTitle "EXT 97"]
[Source "ChessBase"]
[SourceDate "1997.11.17"]
[SourceVersion "1"]
[SourceVersionDate "1997.11.17"]
[SourceQuality "1"]

1. Nf3 Nf6 2. g3 g6 3. b3 Bg7 4. Bb2 O-O 5. c4 d6 6. Bg2 Nc6 7. d3 Bd7 8. Nc3 e5 9. e3 Qc8 10. Qd2 Bh3 11. O-O Bxg2 12. Kxg2 Qd7 13. Rad1 Rae8 14. Ba3 b6 15. b4 a5 16. b5 Nd8 17. Ng5 h6 18. Nh3 e4 19. d4 g5 20. c5 Qe6 21. Na4 Nd5 22. Rc1 f5 23. Nc3 Nxc3 24. Rxc3 dxc5 25. dxc5 Bxc3 26. Qxc3 Rf7 27. Bb2 Kh7 28. Ng1 f4 29. f3 g4 30. gxf4 gxf3+ 31. Nxf3 Qg4+ 32. Kh1 exf3 33. Rg1 f2 34. Qd3+ Qf5 35. Qxf5+ Rxf5 36. Rg7+ Kh8 37. Rg2+ Kh7 38. Rg7+ Kh8 1/2-1/2

[Event "Montreal inv"]
[Site "Montreal CAN"]
[Date "1980.01.15"]
[Round "4"]
[White "Barbeau, Sylvain"]
[Black "Hebert, Jean"]
[Result "0-1"]
[WhiteElo "1989"]
[BlackElo "2262"]
[PlyCount "80"]
[GameId "2160767912912288"]
[EventDate "1980.01.12"]
[EventType "tourn"]
[EventRounds "9"]
[EventCountry "CAN"]
[SourceTitle "EXT 97"]
[Source "ChessBase"]
[SourceDate "1997.11.17"]
[SourceVersion "1"]
[SourceVersionDate "1997.11.17"]
[SourceQuality "1"]

1. c4 Nf6 2. Nf3 c5 3. g3 d5 4. Bg2 Nc6 5. O-O d4 6. d3 e5 7. Bg5 h6 8. Bxf6 Qxf6 9. Na3 Bd6 10. Nc2 O-O 11. a3 a5 12. Rb1 Bg4 13. h3 Bh5 14. Nd2 Qe7 15. Ne4 Bc7 16. g4 Bg6 17. Qd2 f5 18. gxf5 Bxf5 19. b4 cxb4 20. axb4 Qh4 21. b5 Nd8 22. b6 Bb8 23. Kh2 Bxe4 24. dxe4 Ne6 25. e3 Bd6 26. Rb5 Nc5 27. f3 a4 28. Kg1 Qg3 29. Rf2 a3 30. exd4 exd4 31. Qxd4 a2 32. Rxc5 a1=Q+ 33. Nxa1 Rxa1+ 34. Rf1 Bxc5 35. Qxc5 Rxf1+ 36. Kxf1 Rd8 37. Qa5 Qf4 38. Qe1 Rd2 39. c5 Rc2 40. Qb4 Qe3 0-1

[Event "Montreal inv"]
[Site "Montreal CAN"]
[Date "1980.01.16"]
[Round "5"]
[White "Hebert, Jean"]
[Black "Zurowski, Henry"]
[Result "1-0"]
[WhiteElo "2262"]
[BlackElo "2008"]
[PlyCount "69"]
[GameId "2160767912912296"]
[EventDate "1980.01.12"]
[EventType "tourn"]
[EventRounds "9"]
[EventCountry "CAN"]
[SourceTitle "EXT 97"]
[Source "ChessBase"]
[SourceDate "1997.11.17"]
[SourceVersion "1"]
[SourceVersionDate "1997.11.17"]
[SourceQuality "1"]

1. d4 Nf6 2. c4 c5 3. d5 b5 4. cxb5 a6 5. Nc3 d6 6. e3 g6 7. Nf3 Bg7 8. a4 O-O 9. Ra3 axb5 10. Bxb5 Na6 11. O-O Nb4 12. e4 Bg4 13. Be2 Qb8 14. h3 Bc8 15. Nd2 Nd7 16. f4 Ba6 17. Bxa6 Rxa6 18. Nb5 Nb6 19. b3 f5 20. exf5 Rxf5 21. Ne4 N6xd5 22. Qe2 h6 23. Ng3 Rf8 24. f5 Qe8 25. Bd2 Qf7 26. Qe4 g5 27. Qb1 Be5 28. Ne4 Qh5 29. Nf2 Qe2 30. Bxb4 Nxb4 31. Ng4 Bg7 32. f6 exf6 33. Qg6 Qd3 34. Nxh6+ Kh8 35. Nf5 1-0

[Event "Montreal inv"]
[Site "Montreal CAN"]
[Date "1980.01.17"]
[Round "6"]
[White "Witt, Laszlo"]
[Black "Hebert, Jean"]
[Result "1/2-1/2"]
[WhiteElo "2259"]
[BlackElo "2262"]
[PlyCount "69"]
[GameId "2160767912912302"]
[EventDate "1980.01.12"]
[EventType "tourn"]
[EventRounds "9"]
[EventCountry "CAN"]
[SourceTitle "EXT 97"]
[Source "ChessBase"]
[SourceDate "1997.11.17"]
[SourceVersion "1"]
[SourceVersionDate "1997.11.17"]
[SourceQuality "1"]

1. d4 Nf6 2. Nf3 c5 3. c3 b6 4. Bf4 g6 5. e3 Bg7 6. Be2 Bb7 7. O-O O-O 8. h3 d6 9. Nbd2 Nbd7 10. Bh2 Qc7 11. c4 e5 12. dxe5 dxe5 13. Nb1 Ne4 14. Qc2 Rfe8 15. Nfd2 Ndf6 16. Bf3 Nxd2 17. Nxd2 Rad8 18. Rad1 Qc8 19. Bxb7 Qxb7 20. Nb1 Ne4 21. f3 Nd6 22. e4 b5 23. cxb5 Nxb5 24. Rxd8 Rxd8 25. Qxc5 Nd4 26. Nc3 Qxb2 27. Nd5 Qb8 28. Kh1 h5 29. Rd1 Ne6 30. Qa5 Kh7 31. Bg1 Nd4 32. Rc1 Ne2 33. Re1 Nd4 34. Rc1 Ne2 35. Re1 1/2-1/2

[Event "Montreal inv"]
[Site "Montreal CAN"]
[Date "1980.01.18"]
[Round "7"]
[White "Hebert, Jean"]
[Black "Rohland, Michael"]
[Result "1-0"]
[WhiteElo "2262"]
[BlackElo "2200"]
[PlyCount "187"]
[GameId "2160767912912306"]
[EventDate "1980.01.12"]
[EventType "tourn"]
[EventRounds "9"]
[EventCountry "CAN"]
[SourceTitle "EXT 97"]
[Source "ChessBase"]
[SourceDate "1997.11.17"]
[SourceVersion "1"]
[SourceVersionDate "1997.11.17"]
[SourceQuality "1"]

1. e4 c5 2. Nf3 Nc6 3. d4 cxd4 4. Nxd4 Nf6 5. Nc3 e5 6. Ndb5 d6 7. Bg5 a6 8. Na3 b5 9. Bxf6 gxf6 10. Nd5 f5 11. Bd3 Be6 12. c4 Qa5+ 13. Kf1 fxe4 14. Bxe4 Rc8 15. Nf6+ Kd8 16. cxb5 Nd4 17. bxa6 d5 18. Bd3 h5 19. Nxh5 Qb4 20. Rb1 f5 21. a7 f4 22. Be2 Qa5 23. Nxf4 Bf5 24. Nd3 Qxa7 25. Rc1 Rxc1 26. Nxc1 Bxa3 27. bxa3 Rf8 28. Qd2 Qxa3 29. Nb3 Nxe2 30. Kxe2 Qa6+ 31. Ke1 Qc4 32. f3 e4 33. Kf2 exf3 34. g4 Qxg4 35. Qxd5+ Bd7 36. Qa8+ Ke7 37. Re1+ Be6 38. Qb7+ Ke8 39. Qb8+ Ke7 40. Qc7+ Ke8 41. Qg3 Qxg3+ 42. hxg3 Kf7 43. Kxf3 Bd5+ 44. Ke3 Re8+ 45. Kf2 Rc8 46. Rc1 Ra8 47. Rc2 Ke6 48. Ke2 Rg8 49. Rc3 Ra8 50. a3 Kd6 51. Nc1 Re8+ 52. Kd2 Rh8 53. Re3 Ra8 54. Ne2 Kc5 55. Nc1 Bc4 56. Nd3+ Kd4 57. Nb4 Rh8 58. Nc2+ Kc5 59. Kc3 Ra8 60. Re5+ Bd5 61. Rg5 Kd6 62. Kb2 Be6 63. Nd4 Bf7 64. Nb5+ Ke7 65. Re5+ Kf6 66. Re4 Rg8 67. Rf4+ Ke7 68. Nd4 Bd5 69. g4 Kd6 70. Nf5+ Ke5 71. Rb4 Be4 72. Ne3 Kf4 73. Nd5+ Ke5 74. Rxe4+ Kxd5 75. Rb4 Rh8 76. a4 Rh3 77. Kc2 Kc5 78. Rf4 Kd5 79. Kd2 Ke5 80. Rb4 Ra3 81. Ke2 Kf6 82. Re4 Kg5 83. Kd2 Kg6 84. Kc2 Kg5 85. Kb2 Rh3 86. a5 Rd3 87. Ra4 Rd7 88. a6 Ra7 89. Kb3 Kh4 90. Kb4 Kxg4 91. Kb5+ Kf5 92. Kb6 Re7 93. a7 Re6+ 94. Kc7 1-0